Celoživotná kariéra a trh práce 2 teoretické východiská tvorby študijných programov a determinanty modifikujúce ekonomické predmety v neekonomických študijných odboroch

Gespeichert in:
Bibliographische Detailangaben
Körperschaft: Ekonomická univerzita v Bratislave. Fakulta podnikového manažmentu
Weitere Verfasser: Záležáková, Eliška, Dupaľ, Andrej, Joniaková, Zuzana, 1970-
Format: Buch
Sprache:Slowakisch
Veröffentlicht: Bratislava Vydavateľstvo EKONÓM 2013
Schlagworte:
Tags: Tag hinzufügen
Keine Tags, Fügen Sie das erste Tag hinzu!

MARC

LEADER 00000nam a2200000 4500
001 0178937
005 20240502073035.4
020 |a 978-80-225-3715-5 
041 0 |a slo 
044 |a SK 
245 1 0 |a Celoživotná kariéra a trh práce 2  |b teoretické východiská tvorby študijných programov a determinanty modifikujúce ekonomické predmety v neekonomických študijných odboroch  |c Marta Matulčíková a kolektív, redakčné a zostaviteľské práce Eliška Záležáková ; vedeckí recenzenti Andrej Dupaľ, Zuzana Joniaková 
264 1 |a Bratislava  |b Vydavateľstvo EKONÓM  |c 2013 
300 |a 132 s. [6,6 AH] 
610 2 0 |a programy študijné 
610 2 0 |a štúdium vysokoškolské 
610 2 0 |a vzdelávanie vysokoškolské 
610 2 0 |a kariéra 
610 2 0 |a trh práce 
610 2 0 |a predmety učebné 
700 1 |a Záležáková, Eliška 
700 1 |a Dupaľ, Andrej 
700 1 |a Joniaková, Zuzana, 1970- 
710 2 |a Ekonomická univerzita v Bratislave. Fakulta podnikového manažmentu